Statistiken für Promi Darts WM 2023

Klicken Sie hier um das Quiz zu spielen!

Allgemein

  • Dieses Quiz wurde 160 mal gespielt
  • Das Durchschnittsergebnis liegt bei 8 aus 12

Antwortstatistiken

Promi% Korrekt
Michael van Gerwen
90%
Gerwyn Price
83%
Michael Smith
83%
Peter Wright
83%
Gabriel Clemens
79%
Amira Pocher
67%
Oliver Pocher
67%
Kevin Großkreutz
56%
Fallon Sherrock
53%
Bülent Ceylan
45%
Henning Wehland
24%
Matthias Killing
22%

Verteilung der Resultate

Perzentil nach korrekt beantworteten Fragen

Anzahl Personen mit jedem Resultat

Ihre Resultats-Entwicklung

Sie haben dieses Quiz noch nicht gespielt